Southville International School and Colleges
Your cart is empty.
  • Cart
  • Lists
    Public lists Eva Luna New books Lux_list list_1
    Your lists Log in to create your own lists
  • Log in to your account
  • Your cookies
  • Search history
Southville International School and Colleges
  • Advanced search
  • Recent comments
  • Most popular
  • Libraries

Log in to your account

Log in with GOOGLE


If you do not have an external account, but do have a local account, you can still log in:

  1. Home
  2. MARC view: Modern Essays
Normal view MARC view ISBD view

Modern Essays (Record no. 267534)

[ view plain ]
MARC details
000 -LEADER
fixed length control field 02101cam a22006013a 4500
001 - CONTROL NUMBER
control field 38280
003 - CONTROL NUMBER IDENTIFIER
control field PGUSA
005 - DATE AND TIME OF LATEST TRANSACTION
control field 20140828083838.0
008 - FIXED-LENGTH DATA ELEMENTS--GENERAL INFORMATION
fixed length control field 111211s2011||||xxu|||||s|||||000 | eng d
040 ## - CATALOGING SOURCE
Original cataloging agency PGUSA
Language of cataloging eng
042 ## - AUTHENTICATION CODE
Authentication code dc
245 10 - TITLE STATEMENT
Title Modern Essays
Medium [electronic resource]
260 ## - PUBLICATION, DISTRIBUTION, ETC. (IMPRINT)
Name of publisher, distributor, etc Project Gutenberg,
Date of publication, distribution, etc 2011
506 ## - RESTRICTIONS ON ACCESS NOTE
Terms governing access Public domain in the USA.
516 ## - TYPE OF COMPUTER FILE OR DATA NOTE
Type of computer file or data note Electronic text
700 1# - ADDED ENTRY--PERSONAL NAME
Personal name Osler, William,
Dates associated with a name 1849-1919
700 1# - ADDED ENTRY--PERSONAL NAME
Personal name Guiney, Louise Imogen,
Dates associated with a name 1861-1920
700 1# - ADDED ENTRY--PERSONAL NAME
Personal name Broun, Heywood,
Dates associated with a name 1888-1939
700 1# - ADDED ENTRY--PERSONAL NAME
Personal name Macy, John Albert,
Dates associated with a name 1877-1932
700 1# - ADDED ENTRY--PERSONAL NAME
Personal name Smith, Logan Pearsall,
Dates associated with a name 1865-1946
700 1# - ADDED ENTRY--PERSONAL NAME
Personal name Milne, A. A.
Fuller form of name (Alan Alexander),
Dates associated with a name 1882-1956
700 1# - ADDED ENTRY--PERSONAL NAME
Personal name Guedalla, Philip,
Dates associated with a name 1889-1944
700 1# - ADDED ENTRY--PERSONAL NAME
Personal name Sherman, Stuart Pratt,
Dates associated with a name 1881-1926
700 1# - ADDED ENTRY--PERSONAL NAME
Personal name Leacock, Stephen,
Dates associated with a name 1869-1944
700 1# - ADDED ENTRY--PERSONAL NAME
Personal name Storm, Marian,
Dates associated with a name 1891-1975
700 1# - ADDED ENTRY--PERSONAL NAME
Personal name Tomlinson, H. M.
Fuller form of name (Henry Major),
Dates associated with a name 1873-1958
700 1# - ADDED ENTRY--PERSONAL NAME
Personal name Burke, Thomas,
Dates associated with a name 1886-1945
700 1# - ADDED ENTRY--PERSONAL NAME
Personal name Kilmer, Joyce,
Dates associated with a name 1886-1918
700 1# - ADDED ENTRY--PERSONAL NAME
Personal name McFee, William,
Dates associated with a name 1881-1966
700 1# - ADDED ENTRY--PERSONAL NAME
Personal name Firkins, O. W.,
Dates associated with a name 1864-1932
700 1# - ADDED ENTRY--PERSONAL NAME
Personal name Holliday, Robert Cortes,
Dates associated with a name 1880-1947
700 1# - ADDED ENTRY--PERSONAL NAME
Personal name Strunsky, Simeon,
Dates associated with a name 1879-1948
700 1# - ADDED ENTRY--PERSONAL NAME
Personal name Ayres, Harry Morgan,
Dates associated with a name 1881-1948
700 1# - ADDED ENTRY--PERSONAL NAME
Personal name Utter, Robert Palfrey,
Dates associated with a name 1875-1936
700 1# - ADDED ENTRY--PERSONAL NAME
Personal name Brooke, Rupert,
Dates associated with a name 1887-1915
700 1# - ADDED ENTRY--PERSONAL NAME
Personal name Morley, Christopher,
Dates associated with a name 1890-1957
700 1# - ADDED ENTRY--PERSONAL NAME
Personal name White, Stewart Edward,
Dates associated with a name 1873-1946
700 1# - ADDED ENTRY--PERSONAL NAME
Personal name Bone, David W.
Fuller form of name (David William),
Dates associated with a name 1874-1959
700 1# - ADDED ENTRY--PERSONAL NAME
Personal name Dounce, Harry Esty,
Dates associated with a name 1889-
700 1# - ADDED ENTRY--PERSONAL NAME
Personal name Russell, Bertrand,
Dates associated with a name 1872-1970
700 1# - ADDED ENTRY--PERSONAL NAME
Personal name Cabell, James Branch,
Dates associated with a name 1879-1958
700 1# - ADDED ENTRY--PERSONAL NAME
Personal name White, William Allen,
Dates associated with a name 1868-1944
700 1# - ADDED ENTRY--PERSONAL NAME
Personal name Saintsbury, George,
Dates associated with a name 1845-1933
700 1# - ADDED ENTRY--PERSONAL NAME
Personal name Conrad, Joseph,
Dates associated with a name 1857-1924
700 1# - ADDED ENTRY--PERSONAL NAME
Personal name Beerbohm, Max,
Titles and other words associated with a name Sir,
Dates associated with a name 1872-1956
700 1# - ADDED ENTRY--PERSONAL NAME
Personal name Marquis, Don,
Dates associated with a name 1878-1937
700 1# - ADDED ENTRY--PERSONAL NAME
Personal name Belloc, Hilaire,
Dates associated with a name 1870-1953
700 1# - ADDED ENTRY--PERSONAL NAME
Personal name Santayana, George,
Dates associated with a name 1863-1952
700 1# - ADDED ENTRY--PERSONAL NAME
Personal name Herbert, A. P.,
Dates associated with a name 1890-1971
830 #0 - SERIES ADDED ENTRY--UNIFORM TITLE
Uniform title Project Gutenberg
Volume number/sequential designation 38280
856 40 - ELECTRONIC LOCATION AND ACCESS
Uniform Resource Identifier <a href="http://www.gutenberg.org/ebooks/38280">http://www.gutenberg.org/ebooks/38280</a>
942 ## - ADDED ENTRY ELEMENTS (KOHA)
Koha item type eBooks
Holdings
Withdrawn status Lost status Damaged status Home library Current library Date acquired Total Checkouts Date last seen Price effective from Koha item type
      Project Gutenberg Project Gutenberg 08/28/2014   08/28/2014 08/28/2014 eBooks

Modern Essays

APA

Osler W., Guiney L. I., Broun H., Macy J. A., Smith L. P., Milne A. A., Guedalla P., Sherman S. P., Leacock S., Storm M., Tomlinson H. M., Burke T., Kilmer J., McFee W., Firkins O. W., Holliday R. C., Strunsky S., Ayres H. M., Utter R. P., Brooke R., Morley C., White S. E., Bone D. W., Dounce H. E., Russell B., Cabell J. B., White W. A., Saintsbury G., Conrad J., Beerbohm M., Marquis D., Belloc H., Santayana G. & Herbert A. P. (2011). Modern Essays. : Project Gutenberg.

Chicago

Osler William, Guiney Louise Imogen, Broun Heywood, Macy John Albert, Smith Logan Pearsall, Milne A A, Guedalla Philip, Sherman Stuart Pratt, Leacock Stephen, Storm Marian, Tomlinson H M, Burke Thomas, Kilmer Joyce, McFee William, Firkins O W, Holliday Robert Cortes, Strunsky Simeon, Ayres Harry Morgan, Utter Robert Palfrey, Brooke Rupert, Morley Christopher, White Stewart Edward, Bone David W, Dounce Harry Esty, Russell Bertrand, Cabell James Branch, White William Allen, Saintsbury George, Conrad Joseph, Beerbohm Max, Marquis Don, Belloc Hilaire, Santayana George and Herbert A P. 2011. Modern Essays. : Project Gutenberg.

Harvard

Osler W., Guiney L. I., Broun H., Macy J. A., Smith L. P., Milne A. A., Guedalla P., Sherman S. P., Leacock S., Storm M., Tomlinson H. M., Burke T., Kilmer J., McFee W., Firkins O. W., Holliday R. C., Strunsky S., Ayres H. M., Utter R. P., Brooke R., Morley C., White S. E., Bone D. W., Dounce H. E., Russell B., Cabell J. B., White W. A., Saintsbury G., Conrad J., Beerbohm M., Marquis D., Belloc H., Santayana G. and Herbert A. P. (2011). Modern Essays. : Project Gutenberg.

MLA

Osler William, Guiney Louise Imogen, Broun Heywood, Macy John Albert, Smith Logan Pearsall, Milne A A, Guedalla Philip, Sherman Stuart Pratt, Leacock Stephen, Storm Marian, Tomlinson H M, Burke Thomas, Kilmer Joyce, McFee William, Firkins O W, Holliday Robert Cortes, Strunsky Simeon, Ayres Harry Morgan, Utter Robert Palfrey, Brooke Rupert, Morley Christopher, White Stewart Edward, Bone David W, Dounce Harry Esty, Russell Bertrand, Cabell James Branch, White William Allen, Saintsbury George, Conrad Joseph, Beerbohm Max, Marquis Don, Belloc Hilaire, Santayana George and Herbert A P. Modern Essays. : Project Gutenberg. 2011.

  • Place hold
  • Print
  • Cite
  • Add to your cart (remove)
  • Save record
    BIBTEX Dublin Core MARCXML MARC (non-Unicode/MARC-8) MARC (Unicode/UTF-8) MARC (Unicode/UTF-8, Standard) MODS (XML) RIS
  • More searches
    Search for this title in:
    Other Libraries (WorldCat) Other Databases (Google Scholar) Online Stores (Bookfinder.com) Open Library (openlibrary.org)

Exporting to Dublin Core...

SOUTHVILLE LIBRARY

Southville International School and Colleges Library

1281 Tropical Ave. Cor. Luxembourg St., BF Homes International, Las Pinas City

Tel. No. 8256374 / 252358 Loc. 117/146

Powered by Koha